Música para un ideal : (Record no. 179745)

MARC details
000 -LEADER
campo de control de longitud fija 01616cam a2200337 4500
001 - NÚMERO DE CONTROL
campo de control 179745
003 - IDENTIFICADOR DE NÚMERO DE CONTROL
campo de control ES-MaACL
005 - FECHA Y HORA DE LA ÚLTIMA TRANSACCIÓN
campo de control 20240212171842.0
008 - DATOS DE LONGITUD FIJA--INFORMACIÓN GENERAL
campo de control de longitud fija 120117s2009 sp a | |||||||| | spa d
020 ## - NÚMERO INTERNACIONAL ESTÁNDAR DEL LIBRO
Número Internacional Estándar del Libro 978-84-86878-12-2
080 ## - NÚMERO DE LA CLASIFICACIÓN DECIMAL UNIVERSAL
Número de la Clasificación Decimal Universal 1 Krause, Karl Christian Friedrich.073(460)
080 ## - NÚMERO DE LA CLASIFICACIÓN DECIMAL UNIVERSAL
Número de la Clasificación Decimal Universal 78:37(460)"18/19"
100 1# - ENTRADA PRINCIPAL--NOMBRE DE PERSONA
Nombre de persona Sánchez de Andrés, Leticia.
9 (RLIN) 138413
245 10 - MENCIÓN DEL TÍTULO
Título Música para un ideal :
Resto del título pensamiento y actividad musical del krausismo e institucionismo españoles (1854-1936) /
Mención de responsabilidad, etc. Leticia Sánchez de Andrés.
260 ## - PUBLICACIÓN, DISTRIBUCIÓN, ETC.
Lugar de publicación, distribución, etc. Madrid :
Nombre del editor, distribuidor, etc. Sociedad Española de Musicología,
Fecha de publicación, distribución, etc. 2009.
300 ## - DESCRIPCIÓN FÍSICA
Extensión 684 p. :
Otras características físicas il. ;
Dimensiones 24 cm.
490 1# - MENCIÓN DE SERIE
Mención de serie Publicaciones de la Sociedad Española de Musicología. Sección C, Estudios ;
Designación de volumen o secuencia 17
500 ## - NOTA GENERAL
Nota general Índice.
504 ## - NOTA DE BIBLIOGRAFÍA, ETC.
Nota de bibliografía, etc. Bibliografía: p. 629-659.
505 8# - NOTA DE CONTENIDO CON FORMATO
Nota de contenido con formato Contiene: Escuela de Estudios Superiores y Extensión Universitaria del Ateneo
586 ## - NOTA DE PREMIOS
Nota de premios Obra ganadora del Concurso de Investigación Musical y Estudios Musicológicos de la Sociedad Española de Musicología, año 2007
610 24 - PUNTO DE ACCESO ADICIONAL DE MATERIA--NOMBRE DE ENTIDAD CORPORATIVA
Nombre de entidad corporativa o nombre de jurisdicción como elemento de entrada Ateneo de Madrid.
Unidad subordinada Escuela de Estudios Superiores (1896-1907)
9 (RLIN) 1958
650 #4 - PUNTO DE ACCESO ADICIONAL DE MATERIA--TÉRMINO DE MATERIA
Término de materia o nombre geográfico como elemento de entrada Krausismo-
Subdivisión geográfica España.
9 (RLIN) 14041
650 #4 - PUNTO DE ACCESO ADICIONAL DE MATERIA--TÉRMINO DE MATERIA
Término de materia o nombre geográfico como elemento de entrada Música-
Subdivisión general Estudio y enseñanza-
Subdivisión geográfica España-
Subdivisión cronológica S.XIX.
9 (RLIN) 176152
650 ## - PUNTO DE ACCESO ADICIONAL DE MATERIA--TÉRMINO DE MATERIA
Término de materia o nombre geográfico como elemento de entrada Música-
Subdivisión general Estudio y enseñanza-
Subdivisión geográfica España-
Subdivisión cronológica S.XX.
9 (RLIN) 149097
830 1# - PUNTO DE ACCESO ADICIONAL DE SERIE-TÍTULO UNIFORME
Título uniforme Publicaciones de la Sociedad Española de Musicología. Sección C, Estudios ;
Designación de volumen o secuencia 17
9 (RLIN) 224524
852 4# - LOCALIZACIÓN
Ubicación ES-MaACL
itemnumber 186645
Sublocalización o colección R.148056
Número de control de estantería A-11831
Signatura antigua Olim: N-4836
Ubicación en estantería Depósito 1
942 ## - ELEMENTOS DE ENTRADA SECUNDARIOS (KOHA)
Fuente del sistema de clasificación o colocación Clasificación decimal universal
Tipo de ítem Koha Libro impreso
Holdings
Estatus retirado Estado de pérdida Fuente del sistema de clasificación o colocación Estado de daño No para préstamo Colección Biblioteca de origen Biblioteca actual Ubicación en estantería Fecha de adquisición Fuente de adquisición Total de préstamos Signatura topográfica completa Código de barras Visto por última vez Precio de reemplazo Tipo de ítem Koha
    Clasificación decimal universal     Fondo Ateneo de Madrid Biblioteca del Ateneo de Madrid Biblioteca del Ateneo de Madrid Depósito 1 17/01/2012 Compra   A-11831 1188830 23/02/2023 23/02/2023 Libro impreso